jazz drum kit - Statistics

General Stats
  • This quiz has been taken 112 times
    67 since last reset
  • The average score is 7 of 7
Answer Stats
Hint Answer % Correct
5. Kick/Bass
100%
1. Snare
98%
6. Crash
97%
7. Ride
97%
4. Hi-hat
95%
2. Tom
93%
3. Floor tom
75%
No matching quizzes found
Score Distribution
Percent of People with Each Score
Percentile by Number Answered
Your Score History
You have not taken this quiz since the last reset